| 000 | 00344nam a2200133Ia 4500 | ||
|---|---|---|---|
| 008 | 231017s9999 xx 000 0 und d | ||
| 082 | _a625.850287 | ||
| 082 | _bARN | ||
| 245 | 0 | _aEffect on Pavement Wear of Increased Mass Limits for Heavy Vehicles - Stage 3 | |
| 245 | 0 | _cG. Arnold | |
| 260 | _bG. Arnold | ||
| 300 | _c30cm | ||
| 942 | _cREP | ||
| 999 |
_c604570 _d604570 |
||